000 00367cam a22001337a 4500
008 180718b1973 xxu||||| |||| 00| 0 eng d
082 _aT2x54 K968
100 _aKuthiala, S.K.
245 _aFrom tradition to modernity
_cby S.K. Kuthiala
260 _aDelhi
_bAbhinav
_c1973
300 _a227p.
650 _aSocial change - India
650 _aIndustralisation - India
999 _c349003
_d349003